[Event "Titled Tuesday intern op 02nd Apr Late"]
[Site "Chess.com INT"]
[Date "2024.04.02"]
[Round "9"]
[White "Hon, Eric"]
[Black "Li, Eric"]
[Result "1-0"]
[WhiteElo "1938"]
[BlackElo "2351"]
[PlyCount "38"]
[EventDate "2024.04.02"]
[EventType "swiss (blitz)"]
[EventRounds "11"]
[EventCountry "USA"]
[SourceTitle "CB15_2024"]
[SourceDate "2024.04.10"]
[SourceVersion "1"]
[SourceVersionDate "2024.04.10"]
[SourceQuality "1"]

1. e4 c5 2. Nf3 d6 3. d4 cxd4 4. Nxd4 Nf6 5. Nc3 a6 6. h3 g6 7. g4 Bg7 8. Bg2 0-0 9. 0-0 Nc6 10. Be3 Ne5 11. b3 Qc7 12. Qd2 Rd8 13. f4 Nc6 14. g5 Nd7 15. Nd5 Qb8 16. Nxc6 bxc6 17. Nxe7+ Kf8 18. Nxc6 Qc7 19. Nxd8 Be5 1-0

[Event "Titled Tuesday intern op 15th Aug Early"]
[Site "Chess.com INT"]
[Date "2023.08.15"]
[Round "2"]
[White "Korchmar, Vasiliy"]
[Black "Li, Eric"]
[Result "1/2-1/2"]
[WhiteElo "2438"]
[BlackElo "2350"]
[PlyCount "108"]
[EventDate "2023.08.15"]
[EventType "swiss (blitz)"]
[EventRounds "11"]
[EventCountry "USA"]
[SourceTitle "EXT 2024"]
[Source "ChessBase"]
[SourceDate "2023.10.10"]
[SourceVersion "1"]
[SourceVersionDate "2023.10.10"]
[SourceQuality "1"]

1. e4 c5 2. d4 cxd4 3. Qxd4 Nc6 4. Qd3 g6 5. Nc3 Bg7 6. Nf3 d6 7. Be2 Nf6 8. 0-0 0-0 9. Nd5 Nxd5 10. exd5 Bf5 11. Qd1 Ne5 12. Nxe5 Bxe5 13. c3 a6 14. a4 Rc8 15. Be3 Re8 16. a5 e6 17. dxe6 Bxe6 18. Bf3 d5 19. Bd4 Bxd4 20. Qxd4 Rc4 21. Qd2 Rc5 22. b4 Rc4 23. Rfd1 Qc7 24. Rac1 Rc8 25. Bxd5 Rd8 26. Qg5 Rxd5 27. Rxd5 Bxd5 28. Qxd5 Rxc3 29. Rd1 Rc1 30. h4 Qc2 31. Qd8+ Kg7 32. Qd4+ Kg8 33. Rxc1 Qxc1+ 34. Kh2 Qc6 35. g3 h5 36. Kg1 Qc1+ 37. Kg2 Qc6+ 38. Kf1 Kf8 39. Ke2 Ke7 40. Kd3 Ke6 41. Qc4+ Qd5+ 42. Kc3 Kd6 43. Qf4+ Ke6 44. Qe3+ Kd6 45. Qb6+ Ke7 46. Qc7+ Ke6 47. Qc8+ Kf6 48. Qc5 Ke6 49. Qe3+ Kd6 50. f3 Qc6+ 51. Kb2 Qd5 52. Kc3 Qc6+ 53. Kd3 Qb5+ 54. Kc3 Qc6+ 1/2-1/2

[Event "Titled Tuesday intern op 15th Aug Early"]
[Site "Chess.com INT"]
[Date "2023.08.15"]
[Round "3"]
[White "Li, Eric"]
[Black "Jia, Haoxiang"]
[Result "1-0"]
[WhiteElo "2350"]
[BlackElo "2331"]
[PlyCount "53"]
[EventDate "2023.08.15"]
[EventType "swiss (blitz)"]
[EventRounds "11"]
[EventCountry "USA"]
[SourceTitle "EXT 2024"]
[Source "ChessBase"]
[SourceDate "2023.10.10"]
[SourceVersion "1"]
[SourceVersionDate "2023.10.10"]
[SourceQuality "1"]

1. e4 c5 2. Nf3 d6 3. d4 cxd4 4. Nxd4 Nf6 5. Nc3 g6 6. Be3 Bg7 7. f3 0-0 8. Qd2 Nc6 9. 0-0-0 d5 10. Qe1 e5 11. Nxc6 bxc6 12. exd5 Nxd5 13. Bc4 Be6 14. Bb3 Re8 15. h4 f5 16. h5 Bf7 17. hxg6 hxg6 18. g4 e4 19. gxf5 exf3 20. fxg6 Be6 21. Qg3 Qf6 22. Bxd5 Bxd5 23. Bd4 Qe7 24. Rh7 f2 25. Rxg7+ Qxg7 26. Bxg7 Kxg7 27. Qxf2 1-0

[Event "Titled Tuesday intern op 01st Aug Early"]
[Site "Chess.com INT"]
[Date "2023.08.01"]
[Round "3"]
[White "Galchenko, Matvey"]
[Black "Li, Eric"]
[Result "1-0"]
[WhiteElo "2438"]
[BlackElo "2350"]
[PlyCount "113"]
[EventDate "2023.08.01"]
[EventType "swiss (blitz)"]
[EventRounds "11"]
[EventCountry "USA"]
[SourceTitle "EXT 2024"]
[Source "ChessBase"]
[SourceDate "2023.10.10"]
[SourceVersion "1"]
[SourceVersionDate "2023.10.10"]
[SourceQuality "1"]

1. f4 d5 2. Nf3 Nf6 3. g3 c5 4. Bg2 Nc6 5. 0-0 g6 6. d3 Bg7 7. Nc3 0-0 8. e4 dxe4 9. dxe4 e5 10. Qxd8 Rxd8 11. Nxe5 Nxe5 12. fxe5 Ng4 13. Bg5 Re8 14. Nd5 Bxe5 15. h3 f6 16. Bd2 Bd4+ 17. Kh1 Nf2+ 18. Rxf2 Bxf2 19. Nxf6+ Kf7 20. Nxe8 Kxe8 21. Kh2 Bd4 22. c3 Bg7 23. e5 Be6 24. b3 Rb8 25. Re1 b5 26. Bg5 Kd7 27. Rd1+ Ke8 28. Rd6 Rb6 29. Rd8+ Kf7 30. Be3 Bxe5 31. Bxc5 Ra6 32. Rf8+ Kg7 33. Rf2 Bxc3 34. Bb7 Ra5 35. Re2 Kf7 36. Rf2+ Kg7 37. Bf8+ Kg8 38. Bh6 Bg7 39. Be3 b4 40. Bc6 a6 41. Rd2 Rf5 42. Kg2 Rf8 43. Bf3 Be5 44. Be2 Bc8 45. Bc4+ Kg7 46. Bc5 Bb7+ 47. Kh2 Rc8 48. Rd7+ Kh6 49. Be3+ g5 50. Rxb7 Bc3 51. Rb6+ Kg7 52. Rb7+ Kh6 53. Kg2 Re8 54. Kf3 Rf8+ 55. Ke2 Re8 56. Bd3 Bd4 57. Rxh7# 1-0

[Event "Titled Tuesday intern op 01st Aug Early"]
[Site "Chess.com INT"]
[Date "2023.08.01"]
[Round "2"]
[White "Li, Eric"]
[Black "Itgelt, Khuyagtsogt"]
[Result "1-0"]
[WhiteElo "2350"]
[BlackElo "2397"]
[PlyCount "131"]
[EventDate "2023.08.01"]
[EventType "swiss (blitz)"]
[EventRounds "11"]
[EventCountry "USA"]
[SourceTitle "EXT 2024"]
[Source "ChessBase"]
[SourceDate "2023.10.10"]
[SourceVersion "1"]
[SourceVersionDate "2023.10.10"]
[SourceQuality "1"]

1. e4 e6 2. d4 d5 3. Nd2 c5 4. exd5 exd5 5. Ngf3 Nc6 6. Bb5 Qe7+ 7. Qe2 Qxe2+ 8. Bxe2 Bf5 9. c3 cxd4 10. Nxd4 Nxd4 11. cxd4 Nf6 12. 0-0 Bd6 13. Bb5+ Kd8 14. Nf3 a6 15. Ba4 Nd7 16. Bb3 Nb6 17. a4 f6 18. a5 Nc4 19. Nd2 Rc8 20. Rd1 Re8 21. Ra4 Bg4 22. f3 Ne3 23. Re1 Bd7 24. Ra1 Bxh2+ 25. Kf2 Ng4+ 26. fxg4 Bg3+ 27. Kxg3 Rxe1 28. Bxd5 Rexc1 29. Rxc1 Rxc1 30. Bxb7 Bb5 31. Nb3 Rc7 32. Nc5 Re7 33. b4 Kc7 34. Bxa6 Bxa6 35. Nxa6+ Kc6 36. d5+ Kxd5 37. b5 Kc4 38. b6 Kb5 39. Nb8 Re3+ 40. Kf4 Rb3 41. b7 Kxa5 42. Nc6+ Ka6 43. b8Q Rxb8 44. Nxb8+ Kb7 45. Nd7 Kc6 46. Nf8 Kd6 47. Nxh7 Ke7 48. Kf5 Kf7 49. g5 g6+ 50. Kf4 fxg5+ 51. Nxg5+ Kg7 52. Ne4 Kh6 53. Ke5 Kh5 54. g3 Kg4 55. Kd4 Kf3 56. Ke5 Kg4 57. Kf6 Kf3 58. Kxg6 Kxe4 59. g4 Kf4 60. g5 Kg4 61. Kf6 Kh5 62. g6 Kh6 63. g7 Kh7 64. Kf7 Kh6 65. g8Q Kh5 66. Qg3 1-0

[Event "Titled Tuesday intern op 27th Jun Early"]
[Site "Chess.com INT"]
[Date "2023.06.27"]
[Round "8"]
[White "Li, Eric"]
[Black "Srdanovic, Jovana"]
[Result "1-0"]
[WhiteElo "2365"]
[BlackElo "2047"]
[PlyCount "123"]
[EventDate "2023.06.27"]
[EventType "swiss (blitz)"]
[EventRounds "11"]
[EventCountry "USA"]
[SourceTitle "EXT 2024"]
[Source "ChessBase"]
[SourceDate "2023.10.10"]
[SourceVersion "1"]
[SourceVersionDate "2023.10.10"]
[SourceQuality "1"]

1. e4 c5 2. Nf3 Nc6 3. d4 cxd4 4. Nxd4 Qb6 5. Nb3 Nf6 6. Nc3 e6 7. Be3 Qc7 8. a3 a6 9. f4 d6 10. Bd3 Be7 11. 0-0 b5 12. Qf3 Bb7 13. Rad1 0-0 14. Qg3 b4 15. axb4 Nxb4 16. Nd2 Nxd3 17. cxd3 d5 18. e5 Nd7 19. Nf3 Bc5 20. d4 Bb4 21. f5 exf5 22. Bh6 g6 23. Bxf8 Nxf8 24. Rc1 Bxc3 25. Rxc3 Qb6 26. Qf2 Ne6 27. Rfc1 a5 28. Qd2 a4 29. h4 h5 30. Kh2 Ba6 31. Rc6 Qb3 32. Qc3 Qxc3 33. R1xc3 Bc4 34. Rd6 Rb8 35. Rc2 Rb3 36. Nd2 Nxd4 37. Rxc4 Rd3 38. Rxd4 Rxd4 39. Nf3 Rb4 40. Rxd5 Rxb2 41. Ra5 Rb4 42. Ra7 Kf8 43. Kh3 Ke8 44. Ng5 Rb3+ 45. Kh2 a3 46. Nxf7 a2 47. Nd6+ Kd8 48. Rxa2 Ke7 49. Ra6 Ke6 50. Nc4+ Ke7 51. Rxg6 Rb4 52. Rc6 Kd7 53. Rc5 Ke7 54. Kg3 f4+ 55. Kxf4 Rb2 56. g3 Rc2 57. Kg5 Rc3 58. Kxh5 Rxg3 59. Rc6 Kd7 60. Rd6+ Ke7 61. Nb6 Re3 62. Nd5+ 1-0

[Event "Titled Tuesday intern op 27th Jun Early"]
[Site "Chess.com INT"]
[Date "2023.06.27"]
[Round "10"]
[White "Sanhueza, Cristian"]
[Black "Li, Eric"]
[Result "1-0"]
[WhiteElo "2206"]
[BlackElo "2365"]
[PlyCount "69"]
[EventDate "2023.06.27"]
[EventType "swiss (blitz)"]
[EventRounds "11"]
[EventCountry "USA"]
[SourceTitle "EXT 2024"]
[Source "ChessBase"]
[SourceDate "2023.10.10"]
[SourceVersion "1"]
[SourceVersionDate "2023.10.10"]
[SourceQuality "1"]

1. e4 c5 2. Nf3 Nc6 3. d4 cxd4 4. Nxd4 g6 5. Nc3 Bg7 6. Be3 Nf6 7. Bc4 Qa5 8. 0-0 0-0 9. Bb3 d6 10. h3 Bd7 11. Re1 Rac8 12. Nd5 Rfe8 13. Bg5 Nxd5 14. Nxc6 bxc6 15. e5 dxe5 16. c4 Nb6 17. Bd2 Qa6 18. Qf3 Be6 19. c5 Nd5 20. Rac1 Qb7 21. h4 Nc7 22. Bc2 Bd5 23. Qg3 f5 24. h5 Kf7 25. Bc3 e4 26. Bxg7 Kxg7 27. Qe5+ Kf7 28. g4 e6 29. g5 Na8 30. Re3 Qe7 31. hxg6+ hxg6 32. Rh3 Qxg5+ 33. Kh2 Ke7 34. Rh7+ Kd8 35. Qd6# 1-0

[Event "USA-ch U16"]
[Site "Schaumburg"]
[Date "2023.06.22"]
[Round "1"]
[White "Li, Eric"]
[Black "Adewumi, Tanitoluwa"]
[Result "1/2-1/2"]
[WhiteElo "2365"]
[BlackElo "2283"]
[PlyCount "73"]
[EventDate "2023.06.22"]
[EventType "tourn"]
[EventRounds "7"]
[EventCountry "USA"]
[EventCategory "4"]
[SourceTitle "CBM 214 Extra"]
[Source "ChessBase"]
[SourceDate "2023.07.31"]
[SourceVersion "1"]
[SourceVersionDate "2023.07.31"]
[SourceQuality "1"]

1. d4 Nf6 2. c4 e6 3. Nc3 Bb4 4. a3 Bxc3+ 5. bxc3 Nc6 6. f3 h6 7. e4 d6 8. Bd3 b6 9. f4 Bb7 10. Nf3 Na5 11. e5 Nd7 12. Rb1 0-0 13. 0-0 Rc8 14. Qe1 c5 15. Qg3 f5 16. Qg6 Qe8 17. Qxe8 Rfxe8 18. d5 g6 19. exd6 exd5 20. cxd5 Bxd5 21. Ne5 Nxe5 22. fxe5 Rxe5 23. Bxh6 Rd8 24. Rfd1 Re6 25. Bf4 Be4 26. Kf2 Bxd3 27. Rxd3 Rd7 28. h4 Nc4 29. a4 Kf7 30. Kf3 Re4 31. g4 Ke6 32. gxf5+ Kxf5 33. Rd5+ Ne5+ 34. Bxe5 Rxe5 35. Rbd1 Ke6 36. Rxe5+ Kxe5 37. Kg4 1/2-1/2

[Event "Titled Tuesday intern op 28th Mar Late"]
[Site "Chess.com INT"]
[Date "2023.03.28"]
[Round "5"]
[White "Li, Eric"]
[Black "Karas, Marek"]
[Result "0-1"]
[WhiteElo "2354"]
[BlackElo "2236"]
[PlyCount "60"]
[EventDate "2023.03.28"]
[EventType "swiss (blitz)"]
[EventRounds "11"]
[EventCountry "USA"]
[SourceTitle "EXT 2024"]
[Source "ChessBase"]
[SourceDate "2023.10.10"]
[SourceVersion "1"]
[SourceVersionDate "2023.10.10"]
[SourceQuality "1"]

1. d4 Nf6 2. c4 c5 3. d5 b5 4. cxb5 a6 5. bxa6 e6 6. Nc3 exd5 7. Nxd5 Nxd5 8. Qxd5 Nc6 9. e4 Bxa6 10. Bxa6 Qa5+ 11. Bd2 Qxa6 12. Ne2 Be7 13. Bc3 0-0 14. Qxd7 Rfd8 15. Qg4 Nd4 16. Bxd4 cxd4 17. 0-0 d3 18. Nc3 Bf6 19. Nd5 Bxb2 20. Nc7 Qc6 21. Nxa8 Bxa1 22. Rxa1 Qxa8 23. a4 d2 24. Qd1 Qxe4 25. a5 Qd4 26. Rb1 Re8 27. Qf1 Qc3 28. a6 h6 29. a7 Kh7 30. Ra1 Qxa1 0-1

[Event "Titled Tuesday intern op 28th Mar Early"]
[Site "Chess.com INT"]
[Date "2023.03.28"]
[Round "5"]
[White "Li, Eric"]
[Black "Yedidia, Daniel"]
[Result "0-1"]
[WhiteElo "2354"]
[BlackElo "2041"]
[PlyCount "44"]
[EventDate "2023.03.28"]
[EventType "swiss (blitz)"]
[EventRounds "11"]
[EventCountry "USA"]
[SourceTitle "EXT 2024"]
[Source "ChessBase"]
[SourceDate "2023.10.10"]
[SourceVersion "1"]
[SourceVersionDate "2023.10.10"]
[SourceQuality "1"]

1. d4 Nf6 2. c4 e6 3. g3 c5 4. Nf3 cxd4 5. Nxd4 Nc6 6. Bg2 Qb6 7. Nb3 d6 8. 0-0 Be7 9. Nc3 0-0 10. a3 Bd7 11. Be3 Qd8 12. Nb5 Ne8 13. Qd2 a6 14. N5d4 Rc8 15. Rac1 Nf6 16. Rfd1 Ng4 17. Nxc6 Bxc6 18. h3 Nxe3 19. Qxe3 Qc7 20. Nd4 Bd7 21. Rd2 Rfd8 22. f4 Qb6 0-1

[Event "Seattle PNWCC Summer"]
[Site "Redmond"]
[Date "2022.06.28"]
[Round "8"]
[White "Sivakumar, Shaashwath"]
[Black "Li, Eric"]
[Result "1/2-1/2"]
[WhiteElo "2207"]
[BlackElo "2369"]
[PlyCount "54"]
[EventDate "2022.06.24"]
[EventType "swiss"]
[EventRounds "9"]
[EventCountry "USA"]
[SourceTitle "EXT 2023"]
[Source "ChessBase"]
[SourceDate "2022.10.05"]
[SourceVersion "1"]
[SourceVersionDate "2022.10.05"]
[SourceQuality "1"]

1. d4 Nf6 2. c4 e6 3. g3 d5 4. Bg2 Bb4+ 5. Bd2 Bd6 6. Nf3 c6 7. Qc2 Nbd7 8. 0-0 0-0 9. Bg5 h6 10. Bxf6 Nxf6 11. Nbd2 b5 12. c5 Bc7 13. e4 a5 14. e5 Nh7 15. Rfe1 Bd7 16. Bf1 f5 17. exf6 Qxf6 18. Bd3 Ng5 19. Re3 e5 20. dxe5 Bxe5 21. Rxe5 Nxf3+ 22. Nxf3 Qxf3 23. Re3 Qf6 24. Rae1 Rae8 25. Rxe8 Bxe8 26. Bh7+ Kh8 27. Qf5 Bd7 1/2-1/2

[Event "Seattle PNWCC Summer"]
[Site "Redmond"]
[Date "2022.06.24"]
[Round "1"]
[White "Li, Eric"]
[Black "Levine, Joseph1111"]
[Result "1/2-1/2"]
[WhiteElo "2369"]
[BlackElo "2294"]
[PlyCount "50"]
[EventDate "2022.06.24"]
[EventType "swiss"]
[EventRounds "9"]
[EventCountry "USA"]
[SourceTitle "EXT 2023"]
[Source "ChessBase"]
[SourceDate "2022.10.05"]
[SourceVersion "1"]
[SourceVersionDate "2022.10.05"]
[SourceQuality "1"]

1. d4 d5 2. c4 e6 3. Nc3 Nf6 4. cxd5 exd5 5. Bg5 c6 6. e3 Bd6 7. Bd3 0-0 8. Nf3 Re8 9. 0-0 Nbd7 10. h3 Nf8 11. Qa4 Bd7 12. Rae1 Ng6 13. Bxf6 gxf6 14. Ne2 f5 15. Qc2 Qf6 16. Ng3 Ne7 17. Qc3 Be6 18. Ne5 Ng6 19. f4 Kh8 20. Re2 Rg8 21. Qe1 Ne7 22. Nh5 Qh6 23. Qh4 Rg7 24. Nf3 Rg6 25. Ne5 Rg7 1/2-1/2

[Event "PNWCC Last Dance-A"]
[Site "Redmond"]
[Date "2022.06.22"]
[Round "8"]
[White "Li, Eric"]
[Black "Tiglon, Bryce"]
[Result "1/2-1/2"]
[WhiteElo "2381"]
[BlackElo "2392"]
[PlyCount "97"]
[EventDate "2022.06.18"]
[EventType "tourn"]
[EventRounds "9"]
[EventCountry "USA"]
[EventCategory "5"]
[SourceTitle "EXT 2024"]
[Source "ChessBase"]
[SourceDate "2023.10.10"]
[SourceVersion "1"]
[SourceVersionDate "2023.10.10"]
[SourceQuality "1"]

1. d4 Nf6 2. c4 g6 3. Nc3 d5 4. cxd5 Nxd5 5. e4 Nxc3 6. bxc3 Bg7 7. Nf3 c5 8. Be3 Bg4 9. Qa4+ Nd7 10. Be2 0-0 11. Rd1 Nf6 12. d5 b5 13. Bxb5 Bxf3 14. gxf3 Nh5 15. Qa3 e6 16. Bc6 Rb8 17. dxe6 Qf6 18. exf7+ Kh8 19. Bd5 Nf4 20. Bxf4 Qxf4 21. Ke2 Rb6 22. Qc1 Qb8 23. Kf1 Be5 24. Kg2 Bf4 25. Qa1 Be5 26. Rb1 Qd6 27. Rxb6 axb6 28. Qc1 Bf4 29. Qb2 Qf6 30. Rb1 Be5 31. Qxb6 Qf4 32. Qxc5 Kg7 33. Rd1 h5 34. Bb3 h4 35. Qxf8+ Kxf8 36. Rd8+ Kg7 37. Rg8+ Kh7 38. f8Q h3+ 39. Kf1 Qc1+ 40. Ke2 Qb2+ 41. Kd1 Qa1+ 42. Kd2 Qxc3+ 43. Ke2 Qb2+ 44. Kd3 Qc3+ 45. Ke2 Qb2+ 46. Kd1 Qa1+ 47. Ke2 Qb2+ 48. Kd1 Qa1+ 49. Ke2 1/2-1/2

[Event "PNWCC Last Dance-A"]
[Site "Redmond"]
[Date "2022.06.20"]
[Round "5"]
[White "He, Anthony B"]
[Black "Li, Eric"]
[Result "1-0"]
[WhiteElo "2437"]
[BlackElo "2381"]
[PlyCount "65"]
[EventDate "2022.06.18"]
[EventType "tourn"]
[EventRounds "9"]
[EventCountry "USA"]
[EventCategory "5"]
[SourceTitle "EXT 2024"]
[Source "ChessBase"]
[SourceDate "2023.10.10"]
[SourceVersion "1"]
[SourceVersionDate "2023.10.10"]
[SourceQuality "1"]

1. e4 e5 2. Nf3 Nf6 3. Nxe5 d6 4. Nf3 Nxe4 5. d3 Nf6 6. d4 d5 7. Bd3 Be7 8. 0-0 0-0 9. h3 Re8 10. Bf4 Nbd7 11. Nbd2 Nf8 12. Re1 Ng6 13. Bh2 Bd6 14. Ne5 Nd7 15. f4 c5 16. c3 cxd4 17. cxd4 Bxe5 18. dxe5 Nc5 19. Bc2 d4 20. b4 d3 21. bxc5 dxc2 22. Qxc2 b6 23. Kh1 Bb7 24. Ne4 Nh4 25. c6 Rc8 26. Rad1 Qc7 27. Qf2 Qxc6 28. Qxh4 Qg6 29. f5 Qxf5 30. Nd6 Bxg2+ 31. Kxg2 Rc2+ 32. Kg1 Qf3 33. Qg3 1-0

[Event "PNWCC Last Dance-A"]
[Site "Redmond"]
[Date "2022.06.20"]
[Round "4"]
[White "Li, Eric"]
[Black "Vazquez, Guillermo"]
[Result "1/2-1/2"]
[WhiteElo "2381"]
[BlackElo "2560"]
[PlyCount "71"]
[EventDate "2022.06.18"]
[EventType "tourn"]
[EventRounds "9"]
[EventCountry "USA"]
[EventCategory "5"]
[SourceTitle "EXT 2024"]
[Source "ChessBase"]
[SourceDate "2023.10.10"]
[SourceVersion "1"]
[SourceVersionDate "2023.10.10"]
[SourceQuality "1"]

1. d4 Nf6 2. c4 e6 3. Nf3 Bb4+ 4. Bd2 Qe7 5. g3 Bxd2+ 6. Qxd2 Nc6 7. Nc3 d5 8. Ne5 dxc4 9. Nxc4 0-0 10. Bg2 Rd8 11. e3 e5 12. d5 e4 13. 0-0 Bf5 14. f3 exf3 15. Rxf3 Bg6 16. Rf4 Rab8 17. a4 a6 18. a5 Ne8 19. b3 Ne5 20. Nxe5 Qxe5 21. Qd4 Qxd4 22. Rxd4 Nd6 23. e4 Re8 24. Rc1 Re7 25. Na4 Bxe4 26. Bxe4 Nxe4 27. Rdc4 Nf6 28. Rxc7 Nxd5 29. Rc8+ Re8 30. Rxe8+ Rxe8 31. Rd1 Nb4 32. Nc5 h5 33. Nxb7 Re5 34. Rd6 Re3 35. Nc5 Rc3 36. Nxa6 1/2-1/2

[Event "San Jose Mission 360 GM/IM 4th"]
[Site "San Jose"]
[Date "2022.05.18"]
[Round "7"]
[White "Vazquez, Guillermo"]
[Black "Li, Eric"]
[Result "1-0"]
[WhiteElo "2557"]
[BlackElo "2371"]
[PlyCount "85"]
[EventDate "2022.05.14"]
[EventType "tourn"]
[EventRounds "9"]
[EventCountry "USA"]
[SourceTitle "CBM 208 Extra"]
[Source "ChessBase"]
[SourceDate "2022.07.31"]
[SourceVersion "1"]
[SourceVersionDate "2022.07.31"]
[SourceQuality "1"]

1. e4 c5 2. Nf3 d6 3. Bb5+ Nd7 4. d4 cxd4 5. Qxd4 a6 6. Be2 Ngf6 7. 0-0 g6 8. Nc3 Bg7 9. Rd1 0-0 10. e5 dxe5 11. Nxe5 Qb6 12. Qxb6 Nxb6 13. Be3 Nbd7 14. Nc4 h5 15. a4 Kh7 16. a5 Bh6 17. Bxh6 Kxh6 18. b4 Rb8 19. Na4 Ng4 20. f4 Re8 21. h3 Ngf6 22. Bf3 Nf8 23. Ne5 Kg7 24. Kf2 Bf5 25. c4 Be4 26. Nb6 Ne6 27. Bxe4 Nxe4+ 28. Kf3 Nd6 29. Ra3 Rbd8 30. Rad3 Rh8 31. g3 Nf5 32. Ned7 f6 33. Na4 Kf7 34. R3d2 Nd6 35. Ndb6 g5 36. Nc5 gxf4 37. gxf4 Ng7 38. Ne4 Ke6 39. c5 Nf7 40. Nd5 Rd7 41. c6 bxc6 42. Nc5+ Kf5 43. Ne3+ 1-0

[Event "San Jose Mission 360 GM/IM 4th"]
[Site "San Jose"]
[Date "2022.05.14"]
[Round "2"]
[White "Yanayt, Eugene"]
[Black "Li, Eric"]
[Result "0-1"]
[WhiteElo "2077"]
[BlackElo "2371"]
[PlyCount "112"]
[EventDate "2022.05.14"]
[EventType "tourn"]
[EventRounds "9"]
[EventCountry "USA"]
[SourceTitle "CBM 208 Extra"]
[Source "ChessBase"]
[SourceDate "2022.07.31"]
[SourceVersion "1"]
[SourceVersionDate "2022.07.31"]
[SourceQuality "1"]

1. d4 Nf6 2. c4 e6 3. Nf3 c5 4. d5 exd5 5. cxd5 d6 6. Nc3 g6 7. Nd2 Bg7 8. e4 0-0 9. Be2 Na6 10. 0-0 Nc7 11. a4 b6 12. f3 Rb8 13. Nc4 a6 14. Bf4 Nfe8 15. e5 dxe5 16. Nxe5 Bb7 17. Re1 Rc8 18. Bg3 Nd6 19. Bd3 Re8 20. Qb3 b5 21. axb5 axb5 22. Bxb5 Ndxb5 23. Nxb5 Bxd5 24. Nc4 Rxe1+ 25. Rxe1 Nxb5 26. Qxb5 Bxc4 27. Qxc4 Qd4+ 28. Qxd4 Bxd4+ 29. Kf1 Bxb2 30. Be5 Bxe5 31. Rxe5 c4 32. Re2 Kg7 33. Ke1 Rd8 34. Rd2 Re8+ 35. Kd1 Kf6 36. Rd4 Rc8 37. Kc2 Ra8 38. Kc3 Ra2 39. Rg4 h5 40. Rg3 Ra4 41. Kd4 Kf5 42. Kc3 Kf4 43. Rh3 Ra2 44. Rg3 Ra4 45. Rh3 f5 46. Rh4+ Ke3 47. g4 hxg4 48. fxg4 f4 49. Rh6 g5 50. Rh5 f3 51. Rxg5 f2 52. Re5+ Kf3 53. g5 Kg4 54. h3+ Kxh3 55. Rf5 Kg2 56. g6 f1Q 0-1

[Event "San Jose Mission 360 GM/IM 3rd"]
[Site "San Jose"]
[Date "2022.04.09"]
[Round "6"]
[White "Li, Eric"]
[Black "Ruiz Castillo, Joshua Daniel"]
[Result "0-1"]
[WhiteElo "2403"]
[BlackElo "2454"]
[PlyCount "72"]
[EventDate "2022.04.06"]
[EventType "tourn"]
[EventRounds "9"]
[EventCountry "USA"]
[EventCategory "7"]
[SourceTitle "CBM 207 Extra"]
[Source "ChessBase"]
[SourceDate "2022.05.31"]
[SourceVersion "1"]
[SourceVersionDate "2022.05.31"]
[SourceQuality "1"]

1. d4 Nf6 2. c4 e6 3. Nc3 Bb4 4. Nf3 c6 5. e3 d5 6. Bd3 Nbd7 7. 0-0 0-0 8. a3 Ba5 9. b4 Bc7 10. Bb2 Qe7 11. Qc2 dxc4 12. Bxc4 e5 13. h3 e4 14. Nd2 Nb6 15. Ba2 Re8 16. f3 exf3 17. Rxf3 Qd6 18. Nde4 Qh2+ 19. Kf2 Nbd5 20. Rf1 Be6 21. Bxd5 Nxd5 22. Ng5 Nf6 23. Nce4 Nxe4+ 24. Qxe4 f5 25. Qh4 h6 26. Nxe6 Rxe6 27. Qh5 Rf8 28. d5 cxd5 29. Rxf5 Bg3+ 30. Kf3 Ree8 31. Kg4 Qxg2 32. Rxf8+ Rxf8 33. Rxf8+ Kxf8 34. Qf5+ Ke7 35. Bd4 Bf2+ 36. Kh5 g6+ 0-1

[Event "San Jose Mission 360 GM/IM 3rd"]
[Site "San Jose"]
[Date "2022.04.06"]
[Round "1"]
[White "Li, Eric"]
[Black "Berczes, David"]
[Result "0-1"]
[WhiteElo "2403"]
[BlackElo "2434"]
[PlyCount "99"]
[EventDate "2022.04.06"]
[EventType "tourn"]
[EventRounds "9"]
[EventCountry "USA"]
[EventCategory "7"]
[SourceTitle "CBM 207 Extra"]
[Source "ChessBase"]
[SourceDate "2022.05.31"]
[SourceVersion "1"]
[SourceVersionDate "2022.05.31"]
[SourceQuality "1"]

1. c4 e6 2. d4 Nf6 3. Nc3 Bb4 4. f3 d5 5. a3 Bd6 6. e4 c5 7. cxd5 cxd4 8. Bb5+ Bd7 9. Qxd4 exd5 10. Nge2 Bxb5 11. Nxb5 Nc6 12. Qd1 Be5 13. exd5 Nxd5 14. Nbc3 Qh4+ 15. g3 Nxc3 16. bxc3 Qc4 17. 0-0 0-0 18. Qc2 Nd4 19. Nxd4 Bxd4+ 20. Kg2 Rfe8 21. Ra2 Rac8 22. Bf4 Bxc3 23. Qb1 b5 24. Rc2 a5 25. Qa2 Qd3 26. Qb3 h6 27. Rff2 b4 28. axb4 axb4 29. Rfd2 Qc4 30. Qxc4 Rxc4 31. Rd3 Rec8 32. Bd2 Bxd2 33. Rxc4 Rxc4 34. Rxd2 b3 35. Rd8+ Kh7 36. Rb8 Rc2+ 37. Kh3 b2 38. g4 Kg6 39. Rb6+ f6 40. Kg3 Kf7 41. h4 g6 42. Kf4 Re2 43. h5 g5+ 44. Kg3 Ke7 45. f4 Kd7 46. Kf3 Kc7 47. Rb3 Rc2 48. Ke4 Kc6 49. fxg5 fxg5 50. Kf5 0-1

[Event "San Jose Mission 360-A"]
[Site "San Jose"]
[Date "2022.03.27"]
[Round "5"]
[White "Li, Eric"]
[Black "Shlyakhtenko, Robert"]
[Result "1-0"]
[WhiteElo "2403"]
[BlackElo "2389"]
[PlyCount "117"]
[EventDate "2022.03.25"]
[EventType "tourn"]
[EventRounds "9"]
[EventCountry "USA"]
[EventCategory "8"]
[SourceTitle "CBM 207 Extra"]
[Source "ChessBase"]
[SourceDate "2022.05.31"]
[SourceVersion "1"]
[SourceVersionDate "2022.05.31"]
[SourceQuality "1"]

1. c4 e5 2. Nc3 Bb4 3. Nd5 Bc5 4. e3 Nf6 5. b4 Nxd5 6. bxc5 Nf6 7. Nf3 Nc6 8. Be2 0-0 9. d4 d6 10. d5 Nb4 11. Ba3 Na6 12. cxd6 cxd6 13. 0-0 Bg4 14. Nd2 Bxe2 15. Qxe2 Re8 16. Rab1 Qc7 17. f4 exf4 18. Rxf4 Nd7 19. Nf3 Nac5 20. Nd4 Ne5 21. Nf5 Ng6 22. Rff1 b6 23. h4 Re5 24. Qg4 h5 25. Qxh5 Ne4 26. Qg4 Nf6 27. Qf3 Qxc4 28. Nxg7 Qxh4 29. Nf5 Qe4 30. Nh6+ Kg7 31. Nf5+ Kg8 32. Bb2 Qxf3 33. Rxf3 Nxd5 34. Bxe5 dxe5 35. Rd1 Nf6 36. Nh6+ Kg7 37. Nf5+ Kg8 38. Nd6 Ng4 39. Nxf7 Nxe3 40. Rd7 Nf8 41. Nh6+ Kh8 42. Rdf7 Nd1 43. Rxf8+ Rxf8 44. Rxf8+ Kg7 45. Rd8 Nc3 46. Ng4 Nxa2 47. Rd7+ Kg6 48. Rxa7 Nc3 49. Nxe5+ Kf5 50. Nf3 Ke4 51. Kf2 b5 52. Ke1 Kf4 53. Rf7+ Kg3 54. Rg7+ Kf4 55. Nd4 Ke3 56. Ne2 Nd5 57. Rg3+ Ke4 58. Nc3+ Kf4 59. Rf3+ 1-0